Home security (Record no. 72694)
[ view plain ]
| 000 -LEADER | |
|---|---|
| fixed length control field | 01408cam a2200253 4500 |
| 001 - CONTROL NUMBER | |
| control field | ABS66713 |
| 008 - FIXED-LENGTH DATA ELEMENTS--GENERAL INFORMATION | |
| fixed length control field | 030520n2003 000 0 eng u |
| 035 ## - SYSTEM CONTROL NUMBER | |
| System control number | (Sirsi) u122326 |
| 100 ## - MAIN ENTRY--PERSONAL NAME | |
| Personal name | Jones, C |
| 245 ## - TITLE STATEMENT | |
| Title | Home security |
| 260 ## - PUBLICATION, DISTRIBUTION, ETC. | |
| Date of publication, distribution, etc. | 2003 |
| 490 ## - SERIES STATEMENT | |
| Series statement | Inside Housing |
| Volume/sequential designation | 20(15) 18 April 2003, 20-21(2) |
| 520 ## - SUMMARY, ETC. | |
| Summary, etc. | Presents findings from the author's study of the evolution of the right to buy, research which has played a major role in the formation of government policy. Analyses the results of a survey of right to buy applicants in five case study areas showing changes in the profile of the stereotypical right to buy purchaser. The latter is now younger and more diverse than buyers in the 1990s or earlier and has lived in his\her home for only six to 10 years before purchase. Concludes that many families now exercising their right to buy are not necessarily served by the standard mortgages available or have the finances to purchase their home. Tables cover by area the age of applicants and their length of residency. The study "Exploitation of the right to buy scheme by companies" (ISBN 1851126147) is available at www.odpm.gov.uk. |
| 590 ## - LOCAL NOTE (RLIN) | |
| Local note | ABS |
| 650 ## - SUBJECT ADDED ENTRY--TOPICAL TERM | |
| Topical term or geographic name entry element | BIRMINGHAM |
| 650 ## - SUBJECT ADDED ENTRY--TOPICAL TERM | |
| Topical term or geographic name entry element | CAMDEN |
| 650 ## - SUBJECT ADDED ENTRY--TOPICAL TERM | |
| Topical term or geographic name entry element | HAVERING |
| 650 ## - SUBJECT ADDED ENTRY--TOPICAL TERM | |
| Topical term or geographic name entry element | LAMBETH |
| 650 ## - SUBJECT ADDED ENTRY--TOPICAL TERM | |
| Topical term or geographic name entry element | LEEDS |
| 650 ## - SUBJECT ADDED ENTRY--TOPICAL TERM | |
| Topical term or geographic name entry element | RIGHT TO BUY |
| 650 ## - SUBJECT ADDED ENTRY--TOPICAL TERM | |
| Topical term or geographic name entry element | COUNCIL HOUSING |
| 690 ## - LOCAL SUBJECT ADDED ENTRY--TOPICAL TERM (OCLC, RLIN) | |
| Topical term or geographic name as entry element | Affordable housing |
| 9 (RLIN) | 6215 |
| 942 ## - ADDED ENTRY ELEMENTS (KOHA) | |
| Suppress in OPAC | 0 |
| Withdrawn status | Lost status | Source of classification or shelving scheme | Damaged status | Not for loan | Home library | Current library | Shelving location | Date acquired | Total Checkouts | Full call number | Barcode | Date last seen | Copy number | Price effective from | Koha item type |
|---|---|---|---|---|---|---|---|---|---|---|---|---|---|---|---|
| Dewey Decimal Classification | London | London | Journal article | 20/05/2003 | ABS66713 | 122326-1001 | 06/08/2019 | 1 | 06/08/2019 | Journal article |